| 000 | 00469nam a2200169Ia 4500 | ||
|---|---|---|---|
| 999 |
_c3429 _d3429 |
||
| 008 | 200103s9999||||xx |||||||||||||| ||und|| | ||
| 020 | _a1870077091 | ||
| 082 |
_a387.5068 _bPAR |
||
| 100 | _aParritt, B. A. H. | ||
| 245 | 0 | _aSecurity at sea : Terrorism, piracy and drugs | |
| 260 |
_bThe nautical institute _c1991 _aLondon |
||
| 300 | _a142p. | ||
| 650 | _aMerchant marine--Safety measures | ||
| 650 | _aDrug control | ||
| 650 | _aTerrorism--Prevention | ||
| 942 | _cBK | ||